00759 a2200385 4500000002100000001000700021005001700028008004100045010000500086020000500091082001700096100002200113110000500135245007100140250000500211260003400216300000500250490000700255500000500262600000500267610000500272611000500277630000500282650000500287651000500292654000500297700002800302710000900330711000500339720000500344730000500349740000500354752000500359856000900364BKB 07102820200902150919.0  a a a004.35bH39C1 aHennessy, John L. a1 aComputer architecturecby John L. Hennessy and David A. Patterson a aSan FranciscobElsevierc2011 a av a a a a a a a a aPatterson, David A.bc abc a a a a a adf